[Event "12. Süder Sommerpokal"]
[Site "Recklinghausen"]
[Date "2001.08.08"]
[Round "5"]
[White "Jittenmeier, Franz"]
[Black "Thimm, Gerd"]
[Result "1-0"]
[WhiteElo "1902"]
[BlackElo "1634"]
[PlyCount "95"]
[EventDate "2001.??.??"]

1. e4 e6 2. Nf3 d5 3. e5 c5 4. b4 cxb4 5. d4 Bd7 6. Bd3 Qa5 7. O-O Bb5 8. Bxb5+
Qxb5 9. a3 Nc6 10. axb4 Nh6 11. Bxh6 gxh6 12. c3 a6 13. Na3 Qb6 14. Qd2 Rd8 15.
Nc2 Qc7 16. Ne3 Rg8 17. Qd3 Rg7 18. b5 Na7 19. bxa6 b5 20. Rfb1 Be7 21. Nf1 Kf8
22. Ng3 Kg8 23. Nh5 Rg6 24. Nf4 Rg4 25. g3 Kh8 26. h3 Rg7 27. Kh2 Rdg8 28. Qd2
Rc8 29. Ne2 Qc4 30. Ne1 h5 31. Ng2 Rcg8 32. Ng1 h4 33. Ne3 hxg3+ 34. fxg3 Qc7
35. Ne2 h5 36. Rf1 Nc6 37. Rf3 Na5 38. Qa2 Bd8 39. Qa3 h4 40. g4 Qb6 41. Raf1
Qa7 42. Qb4 Qb6 43. Nf4 Qxa6 44. Nh5 Rg6 45. Rxf7 Nc6 46. Qb1 b4 47. Nf6 Qe2+
48. Kh1 1-0

[Event "12. Süder Sommerpokal"]
[Site "Recklinghausen"]
[Date "2001.08.07"]
[Round "4"]
[White "Schreck, Roland"]
[Black "Denig, Friedrich"]
[Result "1-0"]
[WhiteElo "2109"]
[BlackElo "1664"]
[PlyCount "57"]
[EventDate "2001.??.??"]

1. c4 Nf6 2. Nf3 c6 3. g3 d5 4. Bg2 Bg4 5. cxd5 cxd5 6. Qb3 Qb6 7. Nc3 Nbd7 8.
Nxd5 Qxb3 9. Nxf6+ gxf6 10. axb3 e5 11. d3 Nc5 12. Nd2 Bh6 13. b4 Bxd2+ 14.
Bxd2 Nb3 15. Ra3 Nd4 16. Bxb7 Rb8 17. Rxa7 Bxe2 18. Bc3 Bxd3 19. Bxd4 exd4 20.
Kd2 Bg6 21. Bc6+ Kf8 22. b5 Kg7 23. Rha1 Rhc8 24. Rc1 Rxc6 25. bxc6 Rxb2+ 26.
Ke1 d3 27. Rd7 Re2+ 28. Kd1 Rxf2 29. c7 1-0